Bibliografía contemporánea costarricense sobre historia de Costa Rica, Centroamérica y Panamá: 1990-1995 /
Kaydedildi:
| Yazar: | |
|---|---|
| Materyal Türü: | Metin |
| Konular: | |
| Etiketler: |
Etiketle
Etiket eklenmemiş, İlk siz ekleyin!
|
MARC
| LEADER | 00000 a a2200000 04500 | ||
|---|---|---|---|
| 001 | 15608 | ||
| 003 | |||
| 040 | |||
| 100 | |a Taracena Arriola, Luis Pedro | ||
| 245 | |a Bibliografía contemporánea costarricense sobre historia de Costa Rica, Centroamérica y Panamá: 1990-1995 / |c Luis Pedro Taracena Arriola | ||
| 650 | |a BIBLIOGRAFIAS ANOTADAS | ||
| 650 | |a HISTORIA | ||
| 650 | |a POLITICA | ||
| 650 | |a ECONOMIA | ||
| 650 | |a INTEGRACION REGIONAL | ||
| 650 | |a IDENTIDAD CULTURAL | ||
| 773 | |g número 35; páginas 93-234 | ||
| 999 | |c 36569 |d 36569 | ||
